Seismic data analysis : (Record no. 14805)
[ view plain ]
| 000 -LEADER | |
|---|---|
| fixed length control field | 01034cam a2200289 a 4500 |
| 001 - CONTROL NUMBER | |
| control field | TB12298 |
| 003 - CONTROL NUMBER IDENTIFIER | |
| control field | IN-BhIIT |
| 005 - DATE AND TIME OF LATEST TRANSACTION | |
| control field | 20250408160747.0 |
| 008 - FIXED-LENGTH DATA ELEMENTS--GENERAL INFORMATION | |
| fixed length control field | 000428s2001 okua b 001 0 eng |
| 020 ## - INTERNATIONAL STANDARD BOOK NUMBER | |
| ISBN | 9781560800941 (vol. 1) |
| ISBN | 9781560800941 (vol. 2) |
| 040 ## - CATALOGING SOURCE | |
| Original cataloging agency | IN-BhIIT |
| 041 ## - LANGUAGE CODE | |
| Language code of text | eng |
| 082 00 - DEWEY DECIMAL CLASSIFICATION NUMBER | |
| Classification number | 622.1592 |
| Book number | YIL/S |
| 100 1# - MAIN ENTRY--AUTHOR NAME | |
| Personal name | Yilmaz, Özdoğan. |
| Relator term | Author |
| 245 10 - TITLE STATEMENT | |
| Title | Seismic data analysis : |
| Sub Title | processing, inversion, and interpretation of seismic data / |
| Statement of responsibility, etc | edited by Öz Yilmaz and Stephen M. Doherty. |
| 250 ## - EDITION STATEMENT | |
| Edition statement | 2nd ed. |
| 260 ## - PUBLICATION, DISTRIBUTION, ETC. (IMPRINT) | |
| Place of publication | Tulsa, OK : |
| Name of publisher | Society of Exploration Geophysicists, |
| Year of publication | c2001. |
| 300 ## - PHYSICAL DESCRIPTION | |
| Number of Pages | xxxv, 2027 p. : |
| Other physical details(ill.) | ill. (some col.) ; |
| Dimensions(size) | 29 cm. |
| 490 ## - SERIES STATEMENT | |
| Series statement | Investigations in geophysics; 10 |
| 500 ## - GENERAL NOTE | |
| General note | Rev. ed. of: Seismic data processing. 1987. |
| 504 ## - BIBLIOGRAPHY, ETC. NOTE | |
| Bibliography, etc | Includes bibliographical references and index. |
| 650 #0 - SUBJECT ADDED ENTRY--TOPICAL TERM | |
| Topical Term | Seismic prospecting |
| General subdivision | Data processing. |
| 700 1# - ADDED ENTRY--PERSONAL NAME | |
| Personal name | Doherty, Stephen M. |
| Personal name | Yilmaz, Özdoğan. |
| Relator term | Editor |
| 942 ## - ADDED ENTRY ELEMENTS (KOHA) | |
| Koha item type | Text Book |
| Withdrawn status | Lost status | Damaged status | Not for loan | Collection code | Home library | Current library | Date acquired | Source of acquisition | Cost, normal purchase price | Volume Info | Full call number | Accession Number | Cost, replacement price | Price effective from | Koha item type |
|---|---|---|---|---|---|---|---|---|---|---|---|---|---|---|---|
| Not withdrawn | Not Lost | not damaged | SEOCS | Central Library, IIT Bhubaneswar | Central Library, IIT Bhubaneswar | 14/02/2025 | 39 | 9676.82 | Vol.1 | 622.1592 YIL/S | TB12298 | 13255.92 | 14/02/2025 | Text Book | |
| Not withdrawn | Not Lost | not damaged | SEOCS | Central Library, IIT Bhubaneswar | Central Library, IIT Bhubaneswar | 14/02/2025 | 39 | 9676.82 | Vol. 1 | TB12302 | 13255.92 | 14/02/2025 | Text Book | ||
| Not withdrawn | Not Lost | not damaged | SEOCS | Central Library, IIT Bhubaneswar | Central Library, IIT Bhubaneswar | 14/02/2025 | 39 | 9676.82 | Vol. 2 | TB12303 | 13255.92 | 14/02/2025 | Text Book | ||
| Not withdrawn | Not Lost | not damaged | SEOCS | Central Library, IIT Bhubaneswar | Central Library, IIT Bhubaneswar | 14/02/2025 | 39 | 9676.82 | Vol. 2 | TB12299 | 13255.92 | 14/02/2025 | Text Book | ||
| Not withdrawn | Not Lost | not damaged | SEOCS | Central Library, IIT Bhubaneswar | Central Library, IIT Bhubaneswar | 14/02/2025 | 39 | 9676.82 | Vol. 2 | TB12301 | 13255.92 | 14/02/2025 | Text Book | ||
| Not withdrawn | Not Lost | not damaged | SEOCS | Central Library, IIT Bhubaneswar | Central Library, IIT Bhubaneswar | 14/02/2025 | 39 | 9676.82 | Vol. 1 | TB12300 | 13255.92 | 14/02/2025 | Text Book |